| 000 | 00452nam a2200145 i 4500 | ||
|---|---|---|---|
| 001 | 84685 | ||
| 003 | ES-MaACL | ||
| 007 | t| | ||
| 008 | 041123m19731987sp ||||1| spa d | ||
| 100 | 1 |
_aJiménez-Landi Martínez, Antonio. _966543 |
|
| 245 | 1 | 3 |
_aLa Institución Libre de Enseñanza y su ambiente / _cAntonio Jiménez Landi Martínez. |
| 260 |
_a[Madrid] : _bTaurus, _c[1973-1987] |
||
| 300 |
_a3 v. ; _c21 cm. |
||
| 852 |
_aES-MaACL _jG-2856-8 _bR.86372 |
||
| 999 |
_c84685 _d84685 |
||